Museo de ciencias naturales de la Salle : (Registro nro. 20017)

Detalles MARC
000 -CABECERA
Campo de control 00709nam a2200205 a 4500
005 - FECHA Y HORA DE LA ULTIMA TRANSACCION
Campo de control 20191224042342.0
008 - ELEMENTOS DE LONGITUD FIJA—INFORMACION GENERAL
Campo de control 171205e2010 ck ao||gr|||| 00| 0 spa d
040 ## - FUENTE DE CATALOGACIÓN
Agencia catalogadora original CO-BoIAVH
Agencia transcriptora CO-BoIAVH
041 0# - IDIOMA
Código de idioma para texto/pista de sonido o título separado Español
044 ## - PAÍS DE PUBLICACIÓN
País de publicación Colombia
082 04 - NUMERO DE CLASIFICACION DECIMAL DEWEY
Número de clasificación 591.68012
Número del ítem I89m
245 ## - MENCION DE TITULO
Título Museo de ciencias naturales de la Salle :
Parte restante del título Un proyecto cultural del ITM
260 ## - PUBLICACION, DISTRIBUCION, ETC. (PIE DE IMPRENTA)
Lugar de publicación, distribución, etc. Medellín (Colombia) :
Nombre del editor, distribuidor, etc. Editorial Artes y Letras ,
Fecha de publicación, distribución, etc. 2010.
300 ## - DESCRIPCION FISICA
Extensión 56 páginas
Otros detalles físicos ilustraciones y fotografías.
Dimensiones 28 x 21 cm.
650 24 - ASIENTO SECUNDARIO DE MATERIA - TERMINO TEMATICO
Término temático o nombre geográfico como elemento de entrada Museos de historia natural
Subdivisión geográfica Colombia
9 (RLIN) 87677
650 24 - ASIENTO SECUNDARIO DE MATERIA - TERMINO TEMATICO
Término temático o nombre geográfico como elemento de entrada Biología animal
9 (RLIN) 11433
700 ## - ASIENTO SECUNDARIO - NOMBRE PERSONAL
Nombre personal Torres Cañas, Andrés
Término de relación editor
9 (RLIN) 87679
700 ## - ASIENTO SECUNDARIO - NOMBRE PERSONAL
Nombre personal Zurc, Danny
Término de relación editora
9 (RLIN) 87680
942 ## - ELEMENTOS ADICIONALES (KOHA)
Sistema de clasificación Dewey Decimal Classification
Tipo de ítem Libro
Existencias
Withdrawn status Lost status Sistema de Clasificación Damaged status No para préstamo Colección Ubicación Permanente Ubicación actual Fecha de adquisición Total Checkouts Número topográfico Inventario / Código de Barras Date last seen Ejemplar Price effective from Forma de adquisición Tipo de material
    Dewey Decimal Classification     General Bogotá Bogotá 05/12/2017   LB-591.68012 I89m 043399 05/12/2017 Ej. 1 05/12/2017 Donación Libro
    Dewey Decimal Classification     General Bogotá Bogotá 24/12/2019   LB-591.68012 I89m 043907 24/12/2019 Ej.2 24/12/2019 Donación Libro